000 00661nam a22001935i 4500
001 53144
003 ES-MaACL
005 20230906162720.0
007 t|
008 950908s1869 sp ||||1| spa d
040 _aCAM
_bspa
_cCAM
100 1 _aDufton, Henry.
_945919
245 1 3 _aUn viaje por Abisinia /
_cde Mr. Dufton; traducido del inglés por el vizconde de los Antrines.
260 _aMadrid :
_b[s.n.],
_c1869 (
_fImprenta de los Ferro-Carriles)
300 _a188, [1] p. ;
_c18 cm.
651 4 _aEtiopía-
_xDescripción-
_yS.XIX.
_98582
700 1 _aGonzález de Olañeta, Ulpiano,
_cMarqués de Valdeterrazo.
_9151824
852 _aES-MaACL
_jG-8809
999 _c53144
_d53144